Schaum’s outline of theory and problems of microeconomic theory

The learn-by-doing approach of this powerful study guide helps students master one of the most difficult courses required in most colleges and universities--traditionally one of the most important courses in all economics and business curricula. Every chapter fully illustrates theories, principles o...

Полное описание

Сохранить в:
Библиографические подробности
Главный автор: Salvatore, Dominick
Формат:
Язык:Undetermined
Опубликовано: New York McGraw-Hill 1992
Предметы:
Метки: Добавить метку
Нет меток, Требуется 1-ая метка записи!
Thư viện lưu trữ: Trung tâm Học liệu Trường Đại học Cần Thơ
LEADER 00911nam a2200193Ia 4500
001 CTU_149937
008 210402s9999 xx 000 0 und d
082 |a 338.501 
082 |b S182 
100 |a Salvatore, Dominick 
245 0 |a Schaum’s outline of theory and problems of microeconomic theory 
245 0 |c Dominick Salvatore 
260 |a New York 
260 |b McGraw-Hill 
260 |c 1992 
520 |a The learn-by-doing approach of this powerful study guide helps students master one of the most difficult courses required in most colleges and universities--traditionally one of the most important courses in all economics and business curricula. Every chapter fully illustrates theories, principles or backgrand information and includes multiple-choice review questions with answers. 
650 |a Microeconomics. 
904 |i Năm 
980 |a Trung tâm Học liệu Trường Đại học Cần Thơ